[Event "Jerusalem Israel op"]
[Site "Jerusalem"]
[Date "2019.12.19"]
[Round "7"]
[White "Elsner, Yair"]
[Black "Kuritz, Zvi"]
[Result "0-1"]
[WhiteElo "1585"]
[BlackElo "1907"]
[PlyCount "50"]
[EventDate "2019.12.12"]
[EventType "swiss"]
[EventRounds "9"]
[EventCountry "ISR"]
[SourceTitle "CBM 193 Extra"]
[Source "ChessBase"]
[SourceDate "2020.01.31"]
[SourceVersion "1"]
[SourceVersionDate "2020.01.31"]
[SourceQuality "1"]

1. Nf3 Nf6 2. c4 b6 3. g3 Bb7 4. Bg2 e6 5. 0-0 Be7 6. d4 0-0 7. Re1 c5 8. d5 exd5 9. Nh4 b5 10. cxd5 d6 11. Nf5 Nbd7 12. Bf4 Nb6 13. e4 Qd7 14. Nxe7+ Qxe7 15. Nc3 Qd7 16. Bxd6 Qxd6 17. e5 Qd8 18. exf6 Qxf6 19. Nxb5 Qxb2 20. Nxa7 Rxa7 21. Rb1 Qf6 22. d6 Bxg2 23. Rxb6 Rxa2 24. Re2 Bf3 25. Qb3 Ra1+ 0-1